Sole treading. (Record no. 10169)

000 -LEADER
fixed length control field 00549nam a2200181 a 4500
001 - CONTROL NUMBER
control field :::00007954$&:&@@
003 - CONTROL NUMBER IDENTIFIER
control field OkBaRHE
005 - DATE AND TIME OF LATEST TRANSACTION
control field 20000607103340.0
008 - FIXED-LENGTH DATA ELEMENTS--GENERAL INFORMATION
fixed length control field s1964 j 000 0 eng u
040 ## - CATALOGING SOURCE
Transcribing agency
100 1# - MAIN ENTRY--PERSONAL NAME
Personal name Baird, Mollie Elnora.
245 10 - TITLE STATEMENT
Title Sole treading.
260 ## - PUBLICATION, DISTRIBUTION, ETC. (IMPRINT)
Place of publication, distribution, etc Fort Worth, TX., :
Name of publisher, distributor, etc Mollie Elnora Baird
Date of publication, distribution, etc c1964
300 ## - PHYSICAL DESCRIPTION
Extent 228 p. ;
Dimensions 22 cm.
650 ## - SUBJECT ADDED ENTRY--TOPICAL TERM
Topical term or geographic name as entry element Missions Addresses, Essays, Lectures
942 ## - ADDED ENTRY ELEMENTS (KOHA)
Source of classification or shelving scheme
Koha item type Books
Copies
Shelving location Damaged status Barcode Price effective from Not for loan Koha item type Date acquired Permanent Location Lost status Copy number Full call number Source of classification or shelving scheme Withdrawn status Date last seen
General Stacks 79542010-04-14 Books2010-04-14RHEMA Bible Training College 1BV 2070 .B3  2010-04-14